000 00398nam a22001577a 4500
003 LK-CoDNM
005 20240813112052.0
008 240813b |||||||| |||| 00| 0 eng d
040 _aLK-CoDNM
_dLK-CoDNM
_eLK-CoDNM
080 _a10
_bR18
100 _aWELCH CHARLES
245 _aHISTORY THE TOWER BRIDGE
260 _aLONDON
_bSMITH ELDER AND CO
_c1894
300 _a284P. ; 30 CM
942 _cBK
999 _c147345
_d147345